00551nam a2200193 a 4500001001300000003000900013005001700022008004100039020002300080082001900103100001900122245008300141260004000224300000900264500003500273505001000308650002000318700001900338nice12345678IN_TiNIC20260116014120.0121016s2010 newa grp 000 0 eng  a9788125037897c49500a305.80954bSAA aSaavala, Minna aMiddle-Class Moralitiesb Everyday Struggle Over Belonging & Prestige in India aNew Delhi bOrient Blackswan c2010 a226p aincludes index and biblioraphy2 aIndex aSociology-India1 aSaavala, Minna